[Event "Portugal Open 2020"]
[Site "Lisboa POR"]
[Date "2020.01.29"]
[Round "6.44"]
[White "Pires, Emanuel"]
[Black "Atakay, Mustafa"]
[Result "1/2-1/2"]
[WhiteElo "2112"]
[BlackElo "1886"]
[WhiteFideId "1914715"]
[BlackFideId "2071274"]
[WhiteCountry "POR"]
[BlackCountry "USA"]
[PlyCount "196"]
[EventDate "2020.??.??"]

1. e4 c6 2. Bc4 d5 3. Bb3 dxe4 4. Qh5 e6 5. Nc3 Nf6 6. Qh4 Nbd7 7. Nxe4 Nxe4 8.
Qxe4 Nc5 9. Qe2 Nxb3 10. axb3 Bd6 11. Nf3 c5 12. O-O Qc7 13. Qe4 Bd7 14. Qg4 O-O
15. d3 f6 16. Re1 b5 17. Ra6 Rae8 18. Bd2 Bc8 19. Raa1 a6 20. Qh4 Bb7 21. Qh3
Qe7 22. Re2 e5 23. Rae1 Bc8 24. Qh4 g5 25. Qh6 Qg7 26. Qxg7+ Kxg7 27. Ra1 Bb7
28. h3 Rc8 29. Be1 h5 30. Nd2 Rfd8 31. Ne4 Be7 32. Ba5 Rd7 33. f3 h4 34. Be1 Kf7
35. Nd2 Rdc7 36. Bf2 Bf8 37. Nf1 Rd7 38. Ne3 Kg6 39. Ra2 Rd6 40. Re1 Be7 41. Nf1
Rd7 42. Nd2 Kf7 43. Kf1 Rdd8 44. Rea1 Rc6 45. Ke2 Ke6 46. Be3 Rg8 47. Kf1 f5 48.
Bf2 Kf7 49. Re1 Bf6 50. Bg1 Rcc8 51. Bh2 Rce8 52. Bg1 Rc8 53. Re2 Rge8 54. Ra1
Rc6 55. Rae1 Bc8 56. Bh2 Rce6 57. Bg1 Rc6 58. Bh2 Rce6 59. Nb1 Bg7 60. Nc3 Bb7
61. Bg1 Bf8 62. Be3 Kf6 63. Bg1 Bd6 64. Nd1 Bb8 65. Bxc5 e4 66. dxe4 fxe4 67.
fxe4 Rxe4 68. Rxe4 Rxe4 69. Ne3 Ke6 70. Rd1 Bc7 71. b4 Bc6 72. Ra1 Bb7 73. Rd1
Bc6 74. Ke2 Re5 75. Bd4 Re4 76. Bc5 Re5 77. Bd4 Re4 78. c3 Bf4 79. Kd3 Bxe3 80.
Bxe3 Re5 81. Rg1 Be4+ 82. Kd2 Rd5+ 83. Bd4 Rf5 84. g3 Rf3 85. gxh4 gxh4 86. Rg4
Bf5 87. Rxh4 Rxh3 88. Rf4 Rh2+ 89. Bf2 Ke5 90. Rf3 Ke4 91. Re3+ Kd5 92. Rf3 Ke4
93. Re3+ Kd5 94. Ke1 Rh1+ 95. Kd2 Rb1 96. Bg3 Rxb2+ 97. Ke1 Rb1+ 98. Kd2 Rb2+
1/2-1/2

[Event "Portugal Open 2020"]
[Site "Lisboa POR"]
[Date "2020.01.29"]
[Round "6.45"]
[White "Borges, Guilherme Deola"]
[Black "Sakthivel, Heamish Kanha"]
[Result "1-0"]
[WhiteElo "2134"]
[BlackElo "1584"]
[WhiteFideId "2109085"]
[BlackFideId "25644890"]
[BlackTitle " "]
[WhiteCountry "BRA"]
[BlackCountry "IND"]
[PlyCount "61"]
[EventDate "2020.??.??"]

1. d4 Nf6 2. Nf3 e6 3. e3 d5 4. Bd3 Be7 5. b3 b6 6. Ne5 Bb7 7. Bb2 O-O 8. Nd2
Nbd7 9. f4 Nxe5 10. fxe5 Ne4 11. Bxe4 dxe4 12. Qg4 Qd5 13. O-O c5 14. Rf4 cxd4
15. Bxd4 Qd7 16. Nxe4 Bxe4 17. Rxe4 Rac8 18. c3 Qc6 19. Rf4 Bc5 20. Rf3 g6 21.
Raf1 Qd5 22. Rh3 Be7 23. Qf4 h5 24. e4 Qc6 25. g4 g5 26. Qe3 h4 27. Rf6 Bxf6 28.
exf6 Qb5 29. e5 Kh7 30. Qxg5 Rxc3 31. Rxh4# 1-0

[Event "Portugal Open 2020"]
[Site "Lisboa POR"]
[Date "2020.01.29"]
[Round "6.46"]
[White "Rego, Pedro"]
[Black "Quintino, Luís"]
[Result "1/2-1/2"]
[WhiteElo "2208"]
[BlackElo "1839"]
[WhiteFideId "1904310"]
[BlackFideId "1904086"]
[WhiteTitle "FM"]
[WhiteCountry "POR"]
[BlackCountry "POR"]
[PlyCount "142"]
[EventDate "2020.01.25"]

1. e4 d5 2. exd5 Qxd5 3. Nc3 Qa5 4. g3 c6 5. Bg2 Nf6 6. Nf3 Bg4 7. h3 Bh5 8. b4
Qc7 9. O-O e6 10. Rb1 Bd6 11. d3 Nbd7 12. Ne2 O-O 13. Nf4 Bxf3 14. Qxf3 Ne5 15.
Qe2 Rfe8 16. Bd2 Ng6 17. Nh5 Nxh5 18. Qxh5 Rad8 19. Rfe1 b6 20. Be3 Be7 21. Qf3
Ne5 22. Qe2 Ng6 23. h4 Bf6 24. h5 Ne7 25. h6 g6 26. Qf3 Nd5 27. c4 Nxe3 28. Qxf6
Nf5 29. Qg5 Qe7 30. Qf4 Qd6 31. Qg5 Qe7 32. Qd2 Nd4 33. Re4 c5 34. bxc5 Qxc5 35.
Qf4 f5 36. Re5 Qd6 37. Kh1 Nc6 38. Re3 Qxf4 39. gxf4 Nd4 40. Re5 Kf7 41. a4 Rd6
42. a5 Kf6 43. axb6 axb6 44. Rbe1 Rg8 45. c5 bxc5 46. Rxc5 g5 47. fxg5+ Rxg5 48.
Rc7 Rh5+ 49. Kg1 Rxh6 50. Kf1 Rh5 51. Rb1 Ra6 52. Rc8 f4 53. Be4 f3 54. Bxf3
Nxf3 55. Kg2 Nd4 56. Rf8+ Ke5 57. Rb4 Rd6 58. Kg3 Rh6 59. f4+ Kd5 60. Rc4 Nf5+
61. Kf2 Rc6 62. Rd8+ Nd6 63. Re4 Rh5 64. Ke3 Rh3+ 65. Ke2 Rh2+ 66. Ke3 Rh3+ 67.
Kd2 Ra6 68. Re5+ Kd4 69. Re4+ Kc5 70. Re5+ Kd4 71. Re4+ Kc5 1/2-1/2

[Event "Portugal Open 2020"]
[Site "Lisboa POR"]
[Date "2020.01.29"]
[Round "6.47"]
[White "Pfeiffer, Noah"]
[Black "Correia, Mário"]
[Result "0-1"]
[WhiteElo "1825"]
[BlackElo "2133"]
[WhiteFideId "241881"]
[BlackFideId "1900927"]
[WhiteCountry "BEL"]
[BlackCountry "POR"]
[PlyCount "178"]
[EventDate "2020.01.25"]

1. c4 g6 2. g3 Bg7 3. Bg2 c5 4. Nc3 Nc6 5. e3 e6 6. Nge2 Nge7 7. O-O O-O 8. d4
cxd4 9. Nxd4 a6 10. Nb3 Rb8 11. c5 b6 12. cxb6 Qxb6 13. e4 Nd4 14. Be3 e5 15.
Rb1 Qb4 16. Bxd4 exd4 17. Nd5 Nxd5 18. exd5 d6 19. Qe1 Bf5 20. Qxb4 Rxb4 21.
Rbc1 Re8 22. Rc6 Bf8 23. Rd1 d3 24. Bf1 a5 25. Bxd3 Bg4 26. Rb1 a4 27. Na5 Rd4
28. Bc4 Bf3 29. Nb7 Rde4 30. Bf1 Re1 31. Rcc1 Rxc1 32. Rxc1 Bxd5 33. Nxd6 Bxd6
34. Rd1 Bf3 35. Rd3 Be2 36. Bxe2 Rxe2 37. Rxd6 Rxb2 38. Kg2 Rxa2 39. Ra6 Ra1 40.
h3 a3 41. Ra7 Kg7 42. Ra6 Kf8 43. Ra7 a2 44. Kf3 Kg7 45. Ra6 h6 46. Kg2 g5 47.
Kf3 f6 48. Ra8 h5 49. Ra7+ Kg6 50. Ra6 Kf7 51. Ra5 Ke6 52. h4 gxh4 53. gxh4 Rh1
54. Rxa2 Rxh4 55. Ra7 Rg4 56. Rh7 Rg5 57. Ke3 Kf5 58. Kf3 Kg6 59. Ra7 h4 60. Ra1
Kh5 61. Ra8 Rb5 62. Ra3 Kg5 63. Rc3 Rb4 64. Rc5+ f5 65. Rc8 Rb3+ 66. Kg2 h3+ 67.
Kh2 Kg4 68. Rg8+ Kf4 69. Rh8 Rb2 70. Rxh3 Rxf2+ 71. Kg1 Rf3 72. Rh8 Ra3 73. Kf2
Ra2+ 74. Kf1 Kg3 75. Rb8 f4 76. Rg8+ Kf3 77. Kg1 Ra1+ 78. Kh2 Kf2 79. Rg2+ Ke3
80. Rb2 Re1 81. Rb8 Kf2 82. Rb7 f3 83. Rb3 Re8 84. Kh3 Rh8+ 85. Kg4 Kg2 86. Rc3
f2 87. Rg3+ Kf1 88. Rf3 Rg8+ 89. Kh3 Ke2 0-1

[Event "Portugal Open 2020"]
[Site "Lisboa POR"]
[Date "2020.01.29"]
[Round "6.48"]
[White "Röttgen, Jürgen"]
[Black "Marques, Pedro Godinho"]
[Result "1/2-1/2"]
[WhiteElo "2131"]
[BlackElo "1854"]
[WhiteFideId "4629868"]
[BlackFideId "1928414"]
[WhiteCountry "GER"]
[BlackCountry "POR"]
[PlyCount "119"]
[EventDate "2020.01.25"]

1. d4 d5 2. Nf3 e6 3. e3 Nf6 4. Bd3 c5 5. b3 cxd4 6. exd4 Bb4+ 7. c3 Be7 8. O-O
O-O 9. Nbd2 Nc6 10. Re1 Qc7 11. Bb2 Bd7 12. Ne5 Bd6 13. f4 g6 14. c4 dxc4 15.
bxc4 Bxe5 16. fxe5 Nh5 17. Qg4 Nb4 18. Re3 Nxd3 19. Rxd3 f5 20. Qh4 Qd8 21. Qf2
Bc6 22. Re1 Be4 23. Rb3 Qg5 24. Bc1 Qd8 25. Qe3 Bc6 26. Ba3 Rf7 27. Bd6 Nf6 28.
Qg5 Ng4 29. Qxd8+ Rxd8 30. h3 Nf6 31. Rd3 Rfd7 32. Ra3 a6 33. Nb3 Ne4 34. Nc5
Nxc5 35. Bxc5 Be4 36. Bd6 Rc8 37. Bc5 Rc6 38. Rc3 Rc8 39. g3 Kg7 40. Rcc1 Kg8
41. Re3 Rdc7 42. Rec3 Rd7 43. Kf2 Kg7 44. Ke3 Kf7 45. Rb3 Rdc7 46. Rb6 Rd7 47.
d5 Kg8 48. Bd6 exd5 49. c5 Kg7 50. e6 Rcd8 51. Rxb7 Kf6 52. e7 d4+ 53. Kxd4 Bxb7
54. exd8=Q+ Rxd8 55. Rb1 Bg2 56. h4 Rc8 57. Rb6 Rc6 58. Rb8 h5 59. Rb6 Ke6 60.
Bf4 1/2-1/2

[Event "Portugal Open 2020"]
[Site "Lisboa POR"]
[Date "2020.01.29"]
[Round "6.49"]
[White "Türk, Philipp"]
[Black "Elias, Rúben"]
[Result "1-0"]
[WhiteElo "2106"]
[BlackElo "1837"]
[WhiteFideId "4628152"]
[BlackFideId "1906453"]
[WhiteCountry "GER"]
[BlackCountry "POR"]
[PlyCount "151"]
[EventDate "2020.01.25"]

1. e4 e5 2. Nf3 Nf6 3. Nc3 Nc6 4. Bb5 Bb4 5. O-O O-O 6. Nd5 Nxd5 7. exd5 e4 8.
dxc6 dxc6 9. Be2 exf3 10. Bxf3 Re8 11. c3 Bd6 12. d4 Bf5 13. Qb3 Bd3 14. Rd1 Ba6
15. Be3 Qd7 16. c4 Rad8 17. Rac1 Qf5 18. Qa4 Qc8 19. b4 b5 20. cxb5 cxb5 21. Qa5
Bb7 22. Bc6 Bxc6 23. Rxc6 Qg4 24. Rdc1 Qh5 25. h3 Re6 26. a4 Rg6 27. Kf1 Qd5 28.
f3 Qa2 29. R6c2 Qxa4 30. Qxa4 bxa4 31. Ra1 Re8 32. Bd2 Rge6 33. Rxa4 Bg3 34. Ra1
Re2 35. Kg1 Bf2+ 36. Kh1 Bxd4 37. Rac1 Bb6 38. Bf4 Rxc2 39. Rxc2 Rc8 40. b5 Kf8
41. Re2 c6 42. Bd6+ Kg8 43. bxc6 h6 44. c7 a5 45. Rb2 Bxc7 46. Rc2 a4 47. Rxc7
Ra8 48. Ba3 f5 49. Kh2 f4 50. h4 Ra5 51. Kh3 h5 52. Rc4 g5 53. hxg5 Rxg5 54.
Rxa4 Rf5 55. Bc1 Kg7 56. Bxf4 Kg6 57. Kh4 Rb5 58. Ra6+ Kf7 59. Rh6 Rb2 60. Kg3
Rb5 61. Be3 Kg7 62. Kh4 Ra5 63. Rxh5 Ra2 64. g4 Ra3 65. Bd4+ Kf7 66. Kg3 Ra4 67.
Be3 Ra3 68. Re5 Ra4 69. f4 Ra3 70. g5 Rb3 71. f5 Ra3 72. Kg4 Ra4+ 73. Bf4 Ra1
74. g6+ Kg8 75. Re8+ Kg7 76. Be5+ 1-0

[Event "Portugal Open 2020"]
[Site "Lisboa POR"]
[Date "2020.01.29"]
[Round "6.50"]
[White "Fielding, Michael"]
[Black "Fernandes, Ricardo Paulos"]
[Result "0-1"]
[WhiteElo "1781"]
[BlackElo "2100"]
[WhiteFideId "447269"]
[BlackFideId "1943464"]
[WhiteCountry "ENG"]
[BlackCountry "POR"]
[PlyCount "72"]
[EventDate "2020.01.25"]

1. e4 c5 2. Nc3 Nc6 3. g3 d6 4. Bg2 g6 5. d3 Bg7 6. Be3 Nf6 7. Qd2 Ng4 8. Nge2
Nxe3 9. Qxe3 Bd7 10. Qd2 O-O 11. O-O e6 12. Nd1 b5 13. c3 Qb6 14. Ne3 Rab8 15.
f4 f5 16. Rfd1 Rfc8 17. h3 Na5 18. exf5 gxf5 19. g4 fxg4 20. hxg4 Rf8 21. Rf1 b4
22. c4 Bc6 23. Bxc6 Nxc6 24. f5 Nd4 25. Rf2 Qd8 26. Ng3 Qh4 27. Nh5 Bh6 28. Raf1
exf5 29. Nf4 fxg4 30. Nxg4 Bxf4 31. Rxf4 Rxf4 32. Rxf4 Ne2+ 33. Qxe2 Qg3+ 34.
Kh1 Qxf4 35. Qe6+ Kh8 36. Nh6 Rf8 0-1

[Event "Portugal Open 2020"]
[Site "Lisboa POR"]
[Date "2020.01.29"]
[Round "6.51"]
[White "Fidalgo, Daniel"]
[Black "Curado, Manuel"]
[Result "1-0"]
[WhiteElo "2076"]
[BlackElo "1797"]
[WhiteFideId "1934279"]
[BlackFideId "1905112"]
[WhiteCountry "POR"]
[BlackCountry "POR"]
[PlyCount "55"]
[EventDate "2020.01.25"]

1. c4 Nf6 2. g3 g6 3. Bg2 Bg7 4. Nc3 O-O 5. e4 d6 6. Nge2 Nbd7 7. O-O c6 8. d4
e5 9. h3 Qc7 10. Be3 exd4 11. Nxd4 a5 12. Re1 Nc5 13. f4 Re8 14. Bf2 Ne6 15. Qd2
Nxd4 16. Bxd4 Be6 17. b3 Nh5 18. Bxg7 Nxg7 19. Rad1 Qb6+ 20. Qd4 Qb4 21. Re3
Red8 22. Red3 Rd7 23. Na4 Rad8 24. Qb2 d5 25. cxd5 cxd5 26. exd5 Nf5 27. g4 Nh4
28. Rd4 1-0

[Event "Portugal Open 2020"]
[Site "Lisboa POR"]
[Date "2020.01.29"]
[Round "6.52"]
[White "Botelho, Luís"]
[Black "Chávez Dulce, Angie"]
[Result "1-0"]
[WhiteElo "1987"]
[BlackElo "1771"]
[WhiteFideId "1904981"]
[BlackFideId "4407059"]
[WhiteCountry "POR"]
[BlackCountry "COL"]
[PlyCount "51"]
[EventDate "2020.01.25"]

1. e4 e5 2. Nf3 Nc6 3. d4 exd4 4. Bc4 h6 5. O-O Bc5 6. c3 dxc3 7. Bxf7+ Kxf7 8.
Qd5+ Kf8 9. Qxc5+ d6 10. Qxc3 Nf6 11. Re1 Be6 12. b3 Kf7 13. Bb2 Rg8 14. Na3 g5
15. Rad1 Qe7 16. Nb5 Bg4 17. Nxc7 Bxf3 18. Qxf3 Ne5 19. Bxe5 dxe5 20. Nxa8 Rxa8
21. Qf5 Kg7 22. Rd3 Rf8 23. Red1 Kh8 24. Rd6 Qg7 25. Rd8 Ne8 26. Qe6 1-0

[Event "Portugal Open 2020"]
[Site "Lisboa POR"]
[Date "2020.01.29"]
[Round "6.53"]
[White "Ruiz Bellón, Manuel"]
[Black "Barreiros, Cilauro"]
[Result "1-0"]
[WhiteElo "1985"]
[BlackElo "1759"]
[WhiteFideId "32011504"]
[BlackFideId "1907018"]
[WhiteCountry "ESP"]
[BlackCountry "POR"]
[PlyCount "79"]
[EventDate "2020.01.25"]

1. Nf3 e6 2. g3 Nf6 3. Bg2 d5 4. c4 Be7 5. O-O O-O 6. b3 Nbd7 7. Bb2 c6 8. d4 b5
9. Nbd2 a5 10. Qc2 a4 11. Ne5 Qb6 12. c5 Qc7 13. b4 a3 14. Bc3 Re8 15. f4 Nxe5
16. fxe5 Ng4 17. Qd3 Bg5 18. Rf3 f5 19. h3 Nh6 20. Nf1 Rf8 21. Nh2 Bd7 22. h4
Be7 23. Raf1 g5 24. hxg5 Bxg5 25. Bd2 Qd8 26. g4 f4 27. Bxf4 Qe7 28. Qe3 Bxf4
29. Rxf4 Rxf4 30. Qxf4 Qf8 31. Qg3 Qg7 32. Rf6 Nf5 33. Qf4 Nh4 34. g5 Nf5 35.
Bh3 Kh8 36. Bxf5 exf5 37. e6 Rf8 38. Qxf5 h5 39. Rxf8+ Qxf8 40. Qxf8+ 1-0

[Event "Portugal Open 2020"]
[Site "Lisboa POR"]
[Date "2020.01.29"]
[Round "6.54"]
[White "Aguiar, Carlos"]
[Black "Moretti, Filippo"]
[Result "0-1"]
[WhiteElo "1764"]
[BlackElo "1969"]
[WhiteFideId "1902571"]
[BlackFideId "2805001"]
[WhiteCountry "POR"]
[BlackCountry "ITA"]
[PlyCount "76"]
[EventDate "2020.01.25"]

1. e4 c5 2. Nf3 Nc6 3. d4 cxd4 4. Nxd4 g6 5. Be3 Bg7 6. Nc3 Nf6 7. Be2 O-O 8.
Qd2 d5 9. exd5 Nxd5 10. Nxd5 Qxd5 11. Bf3 Qd7 12. Nxc6 bxc6 13. Qxd7 Bxd7 14.
O-O-O Bf5 15. g4 Be6 16. b3 Rfc8 17. Bc5 a5 18. a4 Bf6 19. Rd3 Rab8 20. Rhd1 Kg7
21. h3 h5 22. gxh5 Bf5 23. R3d2 Bg5 24. Be3 Bxe3 25. fxe3 Bxh3 26. hxg6 fxg6 27.
Rh1 Be6 28. Rdh2 c5 29. Be2 Rh8 30. Bb5 g5 31. Rxh8 Rxh8 32. Rg1 Kg6 33. Bc6 g4
34. Kd2 Rh2+ 35. Rg2 Rxg2+ 36. Bxg2 Kg5 37. Ke2 g3 38. e4 Kf4 0-1

[Event "Portugal Open 2020"]
[Site "Lisboa POR"]
[Date "2020.01.29"]
[Round "6.55"]
[White "Fanha, Paulo"]
[Black "Roque, Armando"]
[Result "1-0"]
[WhiteElo "1766"]
[BlackElo "1960"]
[WhiteFideId "1902148"]
[BlackFideId "1939149"]
[WhiteTitle "CM"]
[WhiteCountry "POR"]
[BlackCountry "POR"]
[PlyCount "103"]
[EventDate "2020.01.25"]

1. e4 e6 2. d3 d5 3. Nd2 c5 4. Ngf3 Nc6 5. g3 Nf6 6. Bg2 g6 7. O-O Bg7 8. Re1
O-O 9. c3 b6 10. e5 Nd7 11. d4 Bb7 12. Nf1 cxd4 13. cxd4 Rc8 14. a3 b5 15. Bg5
Qc7 16. Qd2 Qa5 17. Qe3 Nb6 18. Bh6 Nc4 19. Qc1 Qb6 20. Bxg7 Kxg7 21. b3 N4a5
22. Qe3 Rc7 23. Rab1 Rfc8 24. Qf4 Rd7 25. Ne3 Qd8 26. Ng4 Qf8 27. h4 Ne7 28. Ng5
Ng8 29. Nf6 Nxf6 30. Qxf6+ Kg8 31. Bh3 Rc6 32. h5 Qe7 33. hxg6 hxg6 34. Qf4 Qf8
35. Rec1 Rdc7 36. Rxc6 Rxc6 37. Qh4 Qg7 38. Nxe6 fxe6 39. Qd8+ Qf8 40. Qxa5 Ba6
41. Qd2 Kg7 42. Rc1 Qc8 43. Rxc6 Qxc6 44. Qg5 b4 45. Qe7+ Kh6 46. Qxb4 Qc1+ 47.
Kh2 Bd3 48. Qf8+ Kh7 49. Bxe6 Be4 50. Qg8+ Kh6 51. Qh8+ Kg5 52. Qh4# 1-0

[Event "Portugal Open 2020"]
[Site "Lisboa POR"]
[Date "2020.01.29"]
[Round "6.56"]
[White "Martins, José Carlos"]
[Black "Guia, Artur"]
[Result "1/2-1/2"]
[WhiteElo "1667"]
[BlackElo "1928"]
[WhiteFideId "1946005"]
[BlackFideId "1946781"]
[WhiteCountry "POR"]
[BlackCountry "POR"]
[PlyCount "61"]
[EventDate "2020.01.25"]

1. Nf3 Nf6 2. c4 e6 3. g3 b6 4. Bg2 Bb7 5. O-O Be7 6. Nc3 O-O 7. d3 d5 8. cxd5
Nxd5 9. Nxd5 Bxd5 10. Qc2 c5 11. b3 f6 12. Bb2 e5 13. Nd2 Bxg2 14. Kxg2 Qd5+ 15.
Kg1 Kh8 16. Qc4 Qd7 17. a4 Nc6 18. Qb5 Rad8 19. Nc4 Bd6 20. Rfc1 h5 21. a5 Nxa5
22. Qxd7 Rxd7 23. Nxa5 bxa5 24. Rxa5 Rb8 25. Ba3 Rxb3 26. Bxc5 Rc7 27. Rc4 Bxc5
28. Raxc5 Rxc5 29. Rxc5 Rb1+ 30. Kg2 Ra1 31. f4 1/2-1/2

[Event "Portugal Open 2020"]
[Site "Lisboa POR"]
[Date "2020.01.29"]
[Round "6.57"]
[White "Candeias, Humberto"]
[Black "Montero Montero, Juan José"]
[Result "1-0"]
[WhiteElo "1921"]
[BlackElo "1744"]
[WhiteFideId "1903454"]
[BlackFideId "22202080"]
[BlackTitle " "]
[WhiteCountry "POR"]
[BlackCountry "ESP"]
[PlyCount "45"]
[EventDate "2020.01.25"]

1. e4 Nf6 2. Nc3 e5 3. f4 exf4 4. e5 Qe7 5. Qe2 Ng8 6. Nf3 Nc6 7. d4 Qb4 8. a3
Qb6 9. Qe4 Nge7 10. d5 Nb8 11. d6 cxd6 12. exd6 Qxd6 13. Nb5 Qb6 14. Bxf4 Na6
15. Nd6+ Kd8 16. Nxf7+ Ke8 17. Nd6+ Kd8 18. Bxa6 bxa6 19. Ng5 Qa5+ 20. c3 Qd5
21. Ngf7+ Kc7 22. Ne8+ Kc6 23. Ne5+ 1-0

[Event "Portugal Open 2020"]
[Site "Lisboa POR"]
[Date "2020.01.29"]
[Round "6.58"]
[White "Rafael, Manuel"]
[Black "Saltão, João"]
[Result "0-1"]
[WhiteElo "1727"]
[BlackElo "1912"]
[WhiteFideId "1921533"]
[BlackFideId "1907875"]
[WhiteCountry "POR"]
[BlackCountry "POR"]
[PlyCount "78"]
[EventDate "2020.01.25"]

1. d4 Nf6 2. c4 c5 3. d5 g6 4. Nc3 Bg7 5. e4 d6 6. f4 O-O 7. Nf3 e5 8. fxe5 dxe5
9. Bd3 Ne8 10. O-O Nd6 11. Rb1 a5 12. a3 Na6 13. Nb5 f5 14. Bg5 Qd7 15. Nxd6
Qxd6 16. Qd2 Bd7 17. Bh6 f4 18. Bxg7 Kxg7 19. Qc3 Rfe8 20. Rf2 b6 21. h3 Re7 22.
Nh2 Rf8 23. Rbf1 g5 24. Be2 Kg6 25. Qf3 h6 26. h4 gxh4 27. Qh5+ Kh7 28. Qxh4 Rg7
29. Bg4 Bxg4 30. Nxg4 Rg5 31. Nh2 Nb8 32. Nf3 Rg6 33. Kh2 Nd7 34. Qh5 Nf6 35.
Qh3 Nxe4 36. Rc2 Ng5 37. Re1 Rf5 38. Rce2 Nxf3+ 39. gxf3 Rfg5 0-1

[Event "Portugal Open 2020"]
[Site "Lisboa POR"]
[Date "2020.01.29"]
[Round "6.60"]
[White "Pipiras, Filipa"]
[Black "García Ortega, Manuel"]
[Result "1-0"]
[WhiteElo "1876"]
[BlackElo "1705"]
[WhiteFideId "1944894"]
[BlackFideId "2227533"]
[WhiteCountry "POR"]
[BlackCountry "ESP"]
[PlyCount "85"]
[EventDate "2020.01.25"]

1. d4 Nf6 2. c4 d6 3. Nf3 g6 4. g3 Bg7 5. Bg2 O-O 6. O-O c5 7. d5 Bd7 8. Nc3 a6
9. a4 Qc8 10. Re1 Bh3 11. Bh1 h6 12. e4 Nbd7 13. Qc2 Ng4 14. Ne2 g5 15. Bxg5
hxg5 16. Nxg5 Nxf2 17. Kxf2 Ne5 18. Kg1 Bh6 19. Nxh3 Qxh3 20. Nf4 Bxf4 21. Bg2
Qg4 22. gxf4 Nf3+ 23. Kh1 Nxe1 24. Rxe1 Qxf4 25. Rf1 Qh4 26. Rf3 f6 27. Rg3+ Kf7
28. Bh3 Rh8 29. Qg2 Qh6 30. Be6+ Ke8 31. h3 b5 32. Qg1 bxc4 33. Rg6 Qf8 34. Qc1
Kd8 35. Qxc4 Kc7 36. b4 Qe8 37. Rg7 Qxa4 38. Rxe7+ Kd8 39. Rd7+ Ke8 40. Qf1 Qxb4
41. Qg2 Qe1+ 42. Kh2 Rb8 43. Qg6+ 1-0

[Event "Portugal Open 2020"]
[Site "Lisboa POR"]
[Date "2020.01.29"]
[Round "6.61"]
[White "Reis, Luis"]
[Black "Rocha, Pedro Daniel"]
[Result "1/2-1/2"]
[WhiteElo "1855"]
[BlackElo "1615"]
[WhiteFideId "1901940"]
[BlackFideId "1943278"]
[WhiteCountry "POR"]
[BlackCountry "POR"]
[PlyCount "73"]
[EventDate "2020.01.25"]

1. e4 d6 2. d4 g6 3. Nf3 Bg7 4. Be2 b6 5. O-O Bb7 6. Nbd2 e6 7. c3 Ne7 8. a4 O-O
9. a5 a6 10. axb6 cxb6 11. Re1 Nd7 12. Bf1 b5 13. Qb3 Rb8 14. Bd3 Nb6 15. Qa3
Bh6 16. Nb3 Bxc1 17. Raxc1 Nc4 18. Bxc4 bxc4 19. Na5 Qc7 20. Nd2 d5 21. Nxb7
Rxb7 22. exd5 exd5 23. b4 Qd6 24. Re5 f6 25. Re2 Nf5 26. Rce1 Ng7 27. Qa5 Rb5
28. Qa4 Rb7 29. Ra1 Rb6 30. Qa5 Re8 31. Rae1 Rxe2 32. Rxe2 Kf7 33. Nf1 Ne8 34.
Ne3 Nc7 35. Qc5 h5 36. Qxd6 Rxd6 37. Kf1 1/2-1/2

[Event "Portugal Open 2020"]
[Site "Lisboa POR"]
[Date "2020.01.29"]
[Round "6.62"]
[White "Batista, Sandro"]
[Black "Pourquet, Matthieu"]
[Result "0-1"]
[WhiteElo "1741"]
[BlackElo "2198"]
[WhiteFideId "1908561"]
[BlackFideId "20654642"]
[WhiteCountry "POR"]
[BlackCountry "FRA"]
[PlyCount "30"]
[EventDate "2020.01.25"]

1. e4 g6 2. Nc3 Bg7 3. d4 d6 4. f4 a6 5. Nf3 b5 6. a3 Bb7 7. Bd3 Nd7 8. O-O c5
9. Be3 Ngf6 10. dxc5 dxc5 11. Ng5 h6 12. e5 hxg5 13. e6 gxf4 14. exd7+ Qxd7 15.
Bxc5 Qc6 0-1

[Event "Portugal Open 2020"]
[Site "Lisboa POR"]
[Date "2020.01.29"]
[Round "6.63"]
[White "Barrento, Jorge"]
[Black "Sismeiro, Miguel"]
[Result "0-1"]
[WhiteElo "1715"]
[BlackElo "2026"]
[WhiteFideId "1906500"]
[BlackFideId "1950975"]
[WhiteCountry "POR"]
[BlackCountry "POR"]
[PlyCount "106"]
[EventDate "2020.01.25"]

1. d4 Nf6 2. Nc3 d5 3. Bf4 g6 4. e3 Bg7 5. Nb5 Na6 6. c3 O-O 7. a4 c6 8. Na3 Nc7
9. Nf3 Nce8 10. Bd3 Nd6 11. O-O Nfe4 12. c4 Bg4 13. cxd5 cxd5 14. Nb5 Nxb5 15.
axb5 Bxf3 16. gxf3 Nd6 17. Qb3 e6 18. Rfc1 Qb6 19. Qb4 Rfd8 20. Qc5 Qxc5 21.
Rxc5 Rd7 22. Kf1 Bf8 23. Rc2 f6 24. Ke2 Kf7 25. b3 b6 26. Rc6 Rad8 27. Rac1 Ne8
28. Rc8 Rxc8 29. Rxc8 Bd6 30. Bg3 Bxg3 31. hxg3 Nd6 32. Rc1 e5 33. dxe5 fxe5 34.
e4 dxe4 35. fxe4 Ke7 36. f4 Nb7 37. b4 Nd8 38. fxe5 Ke6 39. Bc4+ Kxe5 40. Bd5
Ne6 41. Ke3 Nd4 42. Bc6 Rf7 43. Rh1 h5 44. g4 Rf3+ 45. Kd2 hxg4 46. Be8 g5 47.
Rh5 Kf4 48. Bd7 g3 49. Bh3 Rf2+ 50. Kd3 Nf3 51. Rh7 Ne5+ 52. Kc3 Rh2 53. Rxa7
Rxh3 0-1

[Event "Portugal Open 2020"]
[Site "Lisboa POR"]
[Date "2020.01.29"]
[Round "6.64"]
[White "Lopez De Turiso, José Angel"]
[Black "Guerreiro, Paulo"]
[Result "1-0"]
[WhiteElo "1893"]
[BlackElo "1757"]
[WhiteFideId "2207680"]
[BlackFideId "1902105"]
[WhiteCountry "ESP"]
[BlackCountry "POR"]
[PlyCount "47"]
[EventDate "2020.01.25"]

1. d4 Nf6 2. c4 e6 3. Bg5 Be7 4. Nc3 d5 5. e3 O-O 6. Qc2 Nbd7 7. cxd5 exd5 8.
Bd3 h6 9. Bh4 c6 10. Nge2 Re8 11. f3 Nf8 12. Bf2 Ne6 13. O-O-O b5 14. g4 Ng5 15.
Ng1 Nxf3 16. Nxf3 Bxg4 17. Be2 b4 18. Ne5 bxc3 19. Bxg4 Nxg4 20. Nxg4 cxb2+ 21.
Kb1 Qb6 22. Rhg1 Kh8 23. Ne5 Kg8 24. Nxf7 1-0

[Event "Portugal Open 2020"]
[Site "Lisboa POR"]
[Date "2020.01.29"]
[Round "6.65"]
[White "Alves, Fernando"]
[Black "Twardowski, Hubert"]
[Result "0-1"]
[WhiteElo "1702"]
[BlackElo "1875"]
[WhiteFideId "1905678"]
[BlackFideId "1190415"]
[WhiteCountry "POR"]
[BlackCountry "POL"]
[PlyCount "84"]
[EventDate "2020.01.25"]

1. e4 c5 2. f4 e6 3. Nf3 Nc6 4. c3 d5 5. e5 d4 6. d3 dxc3 7. bxc3 Nge7 8. Be2
Ng6 9. O-O Be7 10. Be3 O-O 11. a3 b6 12. Kh1 Bb7 13. Qb3 Qc7 14. Nbd2 Rad8 15.
Rad1 Na5 16. Qa2 Rc8 17. Nb3 Nxb3 18. Qxb3 c4 19. dxc4 Bc5 20. Nd4 Nh4 21. Rf2
Qe7 22. Kg1 Rfd8 23. g3 Nf5 24. Nxf5 exf5 25. Bd4 Bxa3 26. Ra1 Bc5 27. Rxa7 Rxd4
28. cxd4 Bxd4 29. Bf3 Bxf2+ 30. Kxf2 Qc5+ 31. Qe3 Bxf3 32. Kxf3 Qxc4 33. Kg2 h6
34. Qf2 b5 35. Ra2 b4 36. Kh3 b3 37. Rb2 Qd3 38. Qe1 Rc2 39. Qa1 Rxb2 40. Qxb2
Qc2 41. Qd4 b2 42. e6 fxe6 0-1

[Event "Portugal Open 2020"]
[Site "Lisboa POR"]
[Date "2020.01.29"]
[Round "6.66"]
[White "Alves, Luís"]
[Black "Hendrix, Joachim"]
[Result "0-1"]
[WhiteElo "1686"]
[BlackElo "1868"]
[WhiteFideId "1903110"]
[BlackFideId "12958557"]
[WhiteCountry "POR"]
[BlackCountry "GER"]
[PlyCount "102"]
[EventDate "2020.01.25"]

1. d4 g6 2. Nf3 Bg7 3. g3 d6 4. Bg2 Nd7 5. O-O e5 6. c3 Ngf6 7. Bg5 h6 8. Bd2
O-O 9. Qb3 e4 10. Nh4 Nb6 11. f4 d5 12. Na3 Bd7 13. Qd1 Re8 14. Qc1 Qe7 15. Bh1
Bh3 16. Ng2 e3 17. Nxe3 Bxf1 18. Kxf1 Ng4 19. Nac2 Rad8 20. Bf3 Nxh2+ 21. Kg2
Nxf3 22. exf3 Nc4 23. b3 Nxd2 24. Qxd2 c5 25. Re1 cxd4 26. Nxd5 Qc5 27. Rxe8+
Rxe8 28. c4 b5 29. Qd3 bxc4 30. bxc4 f5 31. g4 Rf8 32. g5 h5 33. Qe2 Kh7 34. Qd3
Rc8 35. Na3 Rc6 36. Kg3 Ra6 37. Nc2 Rxa2 38. Nf6+ Bxf6 39. gxf6 Ra6 40. Qe2 Rxf6
41. Ne1 Qd6 42. Nd3 Re6 43. Qb2 g5 44. Qb7+ Re7 45. Qb5 h4+ 46. Kf2 Qe6 47. Qe5
Qxe5 48. fxe5 a5 49. Nb2 Rxe5 50. Nd3 Re3 51. Nb2 Rc3 0-1